Pikmin: Snavian Family Members - Statistics

General Stats
  • This quiz has been taken 23 times
  • The average score is 6 of 7
Answer Stats
Answer % Correct
Burrowing Snagret
100%
Burrowing Snagret
100%
Burrowing Snagret
100%
Burrowing Snagret
100%
Pileated Snagret
88%
Downy Snagret
56%
Burrowing Snarrow
44%
No matching quizzes found
Score Distribution
Percent of People with Each Score
Percentile by Number Answered
Your Score History
You have not taken this quiz